IMF Committee on Balance of Payments Statistics : Annual Report 2014.

The 2014 Annual Report of the IMF Committee on Balance of Payments Statistics (Committee) provides an overview of recent trends and discrepancies in global balance of payments statistics, and summarizes the Committee's work program during 2014 and the issues the Committee plans to address in th...

Descripció completa

Dades bibliogràfiques
Autor corporatiu: International Monetary Fund. Statistics Dept
Format: Revista
Idioma:English
Publicat: Washington, D.C. : International Monetary Fund, 2015.
Col·lecció:Balance of Payments Statistics; Balance of Payments Statistics ; No. 2014/002
Accés en línia:Full text available on IMF
LEADER 01429cas a2200241 a 4500
001 AALejournalIMF015276
008 230101c9999 xx r poo 0 0eng d
020 |c 50.00 USD 
020 |z 9781513584157 
022 |a 1020-1637 
040 |a BD-DhAAL  |c BD-DhAAL 
110 2 |a International Monetary Fund.  |b Statistics Dept. 
245 1 0 |a IMF Committee on Balance of Payments Statistics :   |b Annual Report 2014. 
264 1 |a Washington, D.C. :  |b International Monetary Fund,  |c 2015. 
300 |a 1 online resource (20 pages) 
490 1 |a Balance of Payments Statistics 
500 |a <strong>Off-Campus Access:</strong> No User ID or Password Required 
500 |a <strong>On-Campus Access:</strong> No User ID or Password Required 
506 |a Electronic access restricted to authorized BRAC University faculty, staff and students 
520 3 |a The 2014 Annual Report of the IMF Committee on Balance of Payments Statistics (Committee) provides an overview of recent trends and discrepancies in global balance of payments statistics, and summarizes the Committee's work program during 2014 and the issues the Committee plans to address in the coming year. 
538 |a Mode of access: Internet 
830 0 |a Balance of Payments Statistics; Balance of Payments Statistics ;  |v No. 2014/002 
856 4 0 |z Full text available on IMF  |u http://elibrary.imf.org/view/books/044/22586-9781513584157-en/22586-9781513584157-en-book.xml  |z IMF e-Library